Normal view
MARC view
- Sharma, Shivsharan
Entry Personal Name
001 - CONTROL NUMBER
- control field: 18341
003 - CONTROL NUMBER IDENTIFIER
- control field: NUST
005 - DATE AND TIME OF LATEST TRANSACTION
- control field: 20190723071908.0
008 - FIXED-LENGTH DATA ELEMENTS
- fixed length control field: 190723|| aca||aabn | a|a d
040 ## - CATALOGING SOURCE
- Original cataloging agency: NUST
- Transcribing agency: NUST
100 ## - HEADING--PERSONAL NAME
- Personal name: Sharma, Shivsharan
670 ## - SOURCE DATA FOUND
- Source citation: Work cat.: (NUST): Sharma, Shivsharan, Civil engineering construction design and management /, 2019.
